| 000 | 01494cam a22003733a 4500 | ||
|---|---|---|---|
| 999 |
_c15066 _d15066 |
||
| 001 | 15881686 | ||
| 003 | EG-ScBUE | ||
| 005 | 20210121123140.0 | ||
| 008 | 080620s2008 enk f 00| 1 eng d | ||
| 020 | _a9781847392497 | ||
| 035 | _a(OCoLC)ocn232358864 | ||
| 035 |
_a(OCoLC)232358864 _z(OCoLC)180755780 |
||
| 040 |
_aNjBwBT _beng _erda _cJFN _dJFN _dOCLCQ _dBTCTA _dBAKER _dAU@ _dNXA _dDLC _dEG-ScBUE |
||
| 082 | 0 | 4 |
_a813.54 _bPRE _222 |
| 100 | 1 |
_aPreisler, Jerome, _eauthor. _922875 |
|
| 245 | 1 | 0 |
_aCSI : _bcrime scene investigation : Nevada Rose : a novel / _cJerome Preisler and Anthony E. Zuiker. |
| 246 | 3 | 0 |
_aNevada Rose : _ba novel |
| 264 | 1 |
_aLondon : _bPocket Books, _c2008. |
|
| 300 |
_a289, [2] pages ; _c18 cm |
||
| 336 |
_2rdacontent _atext _btxt |
||
| 337 |
_2rdamedia _aunmediated _bn |
||
| 338 |
_2rdacarrier _avolume _bnc |
||
| 500 | _a"Based on the hit CBS series 'CSI: Crime Scene Investigation' produced by CBS Productions, a business unit of CBS Broadcasting, Inc., in association with Jerry Bruckheimer Television." | ||
| 500 | _aTV tie-in. | ||
| 650 | 7 |
_aForensic scientists _vFiction. _2BUEsh _922876 |
|
| 651 | _2BUEsh | ||
| 653 |
_cApril2011 _dBestSellers _bHHUUEENN |
||
| 655 | 7 |
_aMystery fiction. _2gsafd _vReading book |
|
| 655 | 7 |
_aSuspense fiction. _2gsafd _vReading book |
|
| 655 | 7 |
_aDetective and mystery stories. _2gsafd _vReading book |
|
| 700 | 1 |
_922879 _aZuiker, Anthony E. _d1968- _eauthor. |
|
| 942 |
_2ddc _cBB |
||